Высокотемпературный газоохлаждаемый реактор - энергоисточник для промышленного производства водорода; Атомная энергия; Т. 97, вып. 6

Opis bibliograficzny
Parent link:Атомная энергия: теоретический и научно-технический журнал/ Российская академия наук ; Министерство РФ по атомной энергии, ядерного общества.— , 1956-.— 0004-7163
Т. 97, вып. 6.— 2004.— с. 432-446
Kolejni autorzy: Митенков Ф. М., Кодочигов Н. Г., Васяев А. В., Головко В. Ф., Пономарев-Степной Н. Н., Кухаркин Н. Е., Столяревский А. Я.
Język:rosyjski
Wydane: 2004
Seria:Статьи
Hasła przedmiotowe:
Format: Rozdział
KOHA link:https://koha.lib.tpu.ru/cgi-bin/koha/opac-detail.pl?biblionumber=426179

MARC

LEADER 00000naa2a2200000 4500
001 426179
005 20231101074511.0
035 |a (RuTPU)RU\TPU\prd\84902 
035 |a RU\TPU\prd\33184 
090 |a 426179 
100 |a 20100630a2004 k y0rusy50 ca 
101 0 |a rus 
102 |a RU 
200 1 |a Высокотемпературный газоохлаждаемый реактор - энергоисточник для промышленного производства водорода  |f Ф. М. Митенков, Н. Г. Кодочигов, А. В. Васяев и др. 
225 1 |a Статьи 
320 |a Библиогр.: 5 назв. 
461 1 |0 (RuTPU)RU\TPU\prd\33  |x 0004-7163  |t Атомная энергия  |o теоретический и научно-технический журнал  |f Российская академия наук ; Министерство РФ по атомной энергии, ядерного общества  |d 1956- 
463 1 |0 (RuTPU)RU\TPU\prd\84898  |t Т. 97, вып. 6  |v с. 432-446  |d 2004 
610 1 |a промышленное производство 
610 1 |a энергоисточники 
610 1 |a высокотемпературные газоохлаждаемые реакторы 
610 1 |a гелиевоохлаждаемые реакторы 
610 1 |a ядерные источники энергии 
610 1 |a газотурбинный цикл ГТ-МГР 
610 1 |a производство водорода 
610 1 |a параметры энергии 
610 1 |a технические аспекты 
675 |a 621.039.57:621.039.52.034.3  |v 3 
701 1 |a Митенков  |b Ф. М. 
701 1 |a Кодочигов  |b Н. Г. 
701 1 |a Васяев  |b А. В. 
701 1 |a Головко  |b В. Ф. 
701 1 |a Пономарев-Степной  |b Н. Н. 
701 1 |a Кухаркин  |b Н. Е. 
701 1 |a Столяревский  |b А. Я. 
801 1 |a RU  |b 63413507  |c 20050228  |g PSBO 
801 2 |a RU  |b 63413507  |c 20100630  |g RCR 
942 |c BK